000 00984nam a22003257a 4500
003 CHAP
005 20220329135123.0
008 971013s1980 r 00010 d
010 _a31248
011 _a32220
035 _a36333
040 _cCHAP
082 _a624.151
_bM36
100 0 0 _aMarsal, Raúl J.
_971580
245 _aContribuciones a la mecánica de medios granulares
260 _aMéxico :
_bComisión Federal de Electricidad,
_c1980
300 _a253 p.
_b; gráfs
490 _aCFE
_v; 14
590 _aBATCH-UPD
_b10
_c20130110
_lUCH01
_h1222
590 _aBATCH-UPD
_b10
_c20130410
_lUCH01
_h0756
590 _aBATCH-UPD
_b10
_c20130914
_lUCH01
_h1759
590 _aCONVERSION
_b10
_c20130109
_lUCH01
_h1318
650 1 4 _aMecánica de suelos.
_973824
650 1 4 _aPresas.
_991480
650 1 4 _aTectónica.
_9111978
830 0 _aCFE
_v; 14
_921665
901 _aBK
942 _cLIBRO
949 _a624.151 M36
_bBC
_cLIBRO
_d33724000018446
_eLIBRO
_h60293
_i36333
_mD
_si
999 _c31248
_d31248